| 000 | 00416nam a2200169Ia 4500 | ||
|---|---|---|---|
| 003 | LK-CoDNM | ||
| 005 | 20240422133139.0 | ||
| 008 | 010623t1954 xxu||||| |||| 00| 1 sin d | ||
| 040 |
_aLK-CoDNM _dLK-CoDNM _eLK-CoDNM |
||
| 041 | _asin | ||
| 080 | _aඡ82 | ||
| 245 | _aසමසමාජ පහන | ||
| 246 | _aSamasamaaga Pahana | ||
| 260 |
_bStar Press _aMaradana _c1954 |
||
| 300 | _a24P.,27 cm | ||
| 942 | _cBK | ||
| 999 |
_c103708 _d103708 |
||